000 00584nam a22002297i 4500
001 5840
003 OSt
005 20180914150756.0
007 tu
008 161220s1991 gw ||||| |||| ||| ||ger d
020 _a3-8015-0249-X
024 7 _a5840
_2RID
024 7 _a5840
_2RSN (alt)
040 _cOSt
041 _ager
100 1 _aMichalski, Krzysztof
_eEd.
245 0 0 _aRückkehr der Geschichte
260 _aFrankfurt/Main :
_bVerlag Neue Kritik,
_c1991.
490 1 _aTransit: Europäische Revue
_v2
_x0938-2062
830 0 _w5841
_tTransit: Europäische Revue
_v2
942 _cJ
999 _c5562
_d5562